[Event "Åpent Buskerudmesterskap 2016 NGP"]
[Site "Kirkegata 7, Drammen"]
[Date "2016.04.10"]
[Round "5"]
[White "Nilsen, Tobias Lang"]
[Black "Tryggestad, Andreas G"]
[Result "0-1"]
[WhiteElo "1867"]
[BlackElo "2198"]
[PlyCount "56"]
[EventDate "2016.??.??"]

1. c4 Nf6 2. g3 g6 3. Bg2 d5 4. cxd5 Nxd5 5. Nf3 Bg7 6. O-O O-O 7. Nc3 Nxc3 8.
dxc3 e5 9. Qxd8 Rxd8 10. Bg5 f6 11. Be3 Be6 12. Rfd1 Nc6 13. b3 a5 14. Ne1 Rxd1
15. Rxd1 a4 16. Bd5 Kf7 17. Bxe6+ Kxe6 18. Nd3 axb3 19. axb3 b6 20. Nb4 Nxb4
21. cxb4 Bf8 22. Rc1 Bd6 23. Bd2 Ra2 24. Be1 Rxe2 25. h4 Rb2 26. Kg2 Rxb3 27.
Bd2 Kd7 28. Rd1 Rd3 
0-1

[Event "Åpent Buskerudmesterskap 2016 NGP"]
[Site "Kirkegata 7, Drammen"]
[Date "2016.04.10"]
[Round "5"]
[White "Nordquelle, Daniel"]
[Black "Leite, Steinar"]
[Result "1-0"]
[WhiteElo "1997"]
[BlackElo "1670"]
[PlyCount "71"]
[EventDate "2016.??.??"]

1. e4 e5 2. Nf3 Nc6 3. Bc4 Bc5 4. c3 d6 5. d4 exd4 6. cxd4 Bb4+ 7. Bd2 Bxd2+ 8.
Nbxd2 Nh6 9. O-O O-O 10. Re1 Kh8 11. Qc2 Ne7 12. Bb3 Ng6 13. Rad1 Bg4 14. h3
Be6 15. e5 d5 16. Nf1 Qd7 17. Qd2 Nf5 18. Ne3 Nfh4 19. Nxh4 Nxh4 20. Qe2 f5 21.
f4 g5 22. Qh5 Ng6 23. Qxg5 Rf7 24. Rf1 Rg8 25. Qh5 c6 26. Kh2 Qe7 27. Bc2 Qf8
28. g4 Ne7 29. gxf5 Nxf5 30. Ng4 Rxg4 31. Bxf5 Rxf5 32. Qxg4 Qh6 33. Rd3 Rxe5
34. f5 Re4 35. Qg3 Qf8 36. Re3 
1-0

[Event "Åpent Buskerudmesterskap 2016 NGP"]
[Site "Kirkegata 7, Drammen"]
[Date "2016.04.10"]
[Round "5"]
[White "Paulsen, Stig-Atle"]
[Black "Huse, Sigurd Kjelsbøl"]
[Result "0-1"]
[WhiteElo "1714"]
[BlackElo "1964"]
[PlyCount "42"]
[EventDate "2016.??.??"]

1. e4 e5 2. Nc3 Nc6 3. g3 Bc5 4. Bg2 Nge7 5. Nge2 O-O 6. O-O d6 7. Na4 Bb6 8.
Nxb6 axb6 9. c3 f5 10. d4 Ng6 11. f4 fxe4 12. Bxe4 Bf5 13. Bxf5 Rxf5 14. dxe5
dxe5 15. Qb3+ Kh8 16. Rd1 Qf8 17. g4 Rf6 18. f5 Qc5+ 19. Kh1 Qf2 20. fxg6 Qxe2
21. h3 Rf2 
0-1

[Event "Åpent Buskerudmesterskap 2016 NGP"]
[Site "Kirkegata 7, Drammen"]
[Date "2016.04.10"]
[Round "5"]
[White "Robertsen, Bjørn"]
[Black "Klausen, Truls Skauge"]
[Result "0-1"]
[WhiteElo "1855"]
[BlackElo "1762"]
[PlyCount "56"]
[EventDate "2016.??.??"]

1. e4 e6 2. d4 d5 3. Nd2 Nf6 4. e5 Nfd7 5. Bd3 c5 6. c3 Nc6 7. Ne2 Be7 8. O-O
O-O 9. f4 cxd4 10. cxd4 f6 11. Nf3 fxe5 12. fxe5 b6 13. Qc2 Nb4 14. Bxh7+ Kh8
15. Qg6 Rf5 16. Ng5 Rxg5 17. Bxg5 Bxg5 18. Rf7 Bh6 19. Raf1 Ba6 20. Qxe6 Kxh7
21. Rxd7 Qg5 22. Rf2 Bxe2 23. Rxe2 Nd3 24. Qc6 Rf8 25. h4 Qf4 26. Qc2 Qxd4+ 27.
Kh2 Qxh4+ 28. Kg1 Rf1+ 
0-1

[Event "Åpent Buskerudmesterskap 2016 NGP"]
[Site "Kirkegata 7, Drammen"]
[Date "2016.04.10"]
[Round "5"]
[White "Sjøberg, Isak"]
[Black "Krohg, Georg A"]
[Result "0-1"]
[WhiteElo "1843"]
[BlackElo "1833"]
[PlyCount "62"]
[EventDate "2016.??.??"]

1. e4 d5 2. exd5 Nf6 3. d4 Bg4 4. Be2 Bxe2 5. Qxe2 Qxd5 6. Nf3 Nc6 7. c3 e6 8.
O-O Bd6 9. Bg5 Ne4 10. Be3 Qh5 11. h3 g5 12. Nbd2 Nxd2 13. Bxd2 Rg8 14. Qb5
O-O-O 15. Rfe1 a6 16. Qe2 g4 17. Nh2 Rg6 18. b4 Rdg8 19. b5 axb5 20. a4 Qh4 21.
axb5 gxh3 22. g3 Nb8 23. Kh1 Qf6 24. Be3 Qf5 25. c4 Bxg3 26. fxg3 Rxg3 27. Bg1
Rg2 28. Qe5 Qg6 29. c5 Ra2 30. Ng4 Rxa1 31. Rxa1 Qxg4 
0-1